Estudio a nivel de pre-factibilidad para el proyecto de agua y saneamiento rural de la comunidad de San Antonio, del municipio de Nueva Guinea, Región Autónoma de la Costa Caribe Sur.
La investigación presenta un estudio a nivel de pre-factibilidad para el proyecto de agua y saneamiento rural de la comunidad de San Antonio del municipio de Nueva Guinea Región Autónoma de la Costa Caribe Sur.
| Main Author: | |
|---|---|
| Other Authors: | |
| Format: | Tesis Section = Libro |
| Language: | Undetermined Spanish |
| Published: |
Managua
UNI
2021
|
| Subjects: |
| LEADER | 01082nam a2200253Ia 4500 | ||
|---|---|---|---|
| 008 | 240830s9999 xx 000 0 und d | ||
| 040 | |a BIBLIOTECA-RUPAP Mon 628.72 S211e | ||
| 041 | |a spa | ||
| 082 | |a Mon 628.72 S211e | ||
| 100 | 1 | |a Sánchez García, Kenneth Ramón | |
| 245 | 1 | 0 | |a Estudio a nivel de pre-factibilidad para el proyecto de agua y saneamiento rural de la comunidad de San Antonio, del municipio de Nueva Guinea, Región Autónoma de la Costa Caribe Sur. |
| 260 | |a Managua |b UNI |c 2021 | ||
| 300 | |a 122 p. :il. | ||
| 500 | |a Contiene: anexos y CD. | ||
| 502 | |a Tesis (Ingeniero Civil) - UNI, 2021. | ||
| 520 | 3 | |a La investigación presenta un estudio a nivel de pre-factibilidad para el proyecto de agua y saneamiento rural de la comunidad de San Antonio del municipio de Nueva Guinea Región Autónoma de la Costa Caribe Sur. | |
| 650 | 7 | |a AGUA POTABLE | |
| 650 | 7 | |b SUMINISTRO DE AGUA | |
| 650 | 7 | |c SANEAMIENTO | |
| 650 | 7 | |d ESTUDIOS DE FACTIBILIDAD | |
| 700 | 1 | |a Tutor: |b González Murillo, Manuel | |
| 942 | |c BK |2 ddc | ||
| 991 | |a TESIS | ||
| 999 | |c 19080 | ||